ბათუმის შოთა რუსთაველის სახელმწიფო უნივერსიტეტის ბიბლიოთეკა

ჩემი წარსულიდან (ბიბ.ჩანაწერი № 49654)

000 -LEADER
fixed length control field 00907nam a2200241Ia 4500
001 - CONTROL NUMBER
control field 16586
003 - CONTROL NUMBER IDENTIFIER
control field GE_BSU
008 - FIXED-LENGTH DATA ELEMENTS--GENERAL INFORMATION
fixed length control field 181216s||||||||xx |||||||||||||| ||und||
040 ## - CATALOGING SOURCE
Transcribing agency GE_BSU
080 ## - UNIVERSAL DECIMAL CLASSIFICATION NUMBER
Universal Decimal Classification number 37.01(479.22)(09)+ 821.353.1-94
100 ## - MAIN ENTRY--PERSONAL NAME
Personal name იაშვილი, ს.
245 ## - TITLE STATEMENT
Title ჩემი წარსულიდან
245 ## - TITLE STATEMENT
Remainder of title ([პედაგოგის მოგონებანი]
245 ## - TITLE STATEMENT
Statement of responsibility, etc. რედ.ნ.აგიაშვილი მხ.ე.ამბოკაძე
260 ## - PUBLICATION, DISTRIBUTION, ETC.
Place of publication, distribution, etc. თბილისი
260 ## - PUBLICATION, DISTRIBUTION, ETC.
Name of publisher, distributor, etc. ლიტერატურა და ხელოვნება
260 ## - PUBLICATION, DISTRIBUTION, ETC.
Date of publication, distribution, etc. 1965
300 ## - PHYSICAL DESCRIPTION
Extent 171გვ. ; 17სმ
653 ## - INDEX TERM--UNCONTROLLED
Uncontrolled term პედაგოგიკა
653 ## - INDEX TERM--UNCONTROLLED
Uncontrolled term ქართული პედაგოგიური აზრის ისტორია
653 ## - INDEX TERM--UNCONTROLLED
Uncontrolled term ჩემი წარსულიდან
942 ## - ADDED ENTRY ELEMENTS (KOHA)
Koha item type წიგნი
ეგზემპლარები
Withdrawn status Lost status Damaged status Not for loan Date acquired Barcode Date last seen Price effective from Koha item type
        2018-12-17 41316 2018-12-17 2018-12-17 წიგნი
        2018-12-17 41317 2018-12-17 2018-12-17 წიგნი